Statistics for Groups of Things - Norway

Click here to take the quiz!

General Stats

  • This quiz has been taken 228 times
    (48 since last reset)
  • The average score is 27 of 48

Answer Stats

HintAnswer% Correct
Biggest CitiesOslo
100%
Bordering Countries (land and sea)Sweden
93%
Biggest CitiesBergen
90%
Top ExportsCrude Petroleum
90%
Bordering Countries (land and sea)Finland
90%
Top ExportsRefined Petroleum
90%
Top Import OriginsSweden
90%
Bordering Countries (land and sea)Russia
88%
Top Import OriginsDenmark
85%
Bordering Countries (land and sea)Denmark
85%
Bordering Countries (land and sea)Greenland (Denmark)
85%
Biggest CitiesTrondheim
83%
Numbers 1 - 5 in NorwegianEn
80%
Top ExportsFish
80%
Bordering Countries (land and sea)UK
80%
Top Import OriginsUK
78%
Top Import OriginsGermany
70%
Official LanguagesBokmål
65%
Biggest CitiesStavanger
65%
Official LanguagesNynorsk
63%
Numbers 1 - 5 in NorwegianTre
63%
Monarchs after 1905Harald V
58%
Bordering Countries (land and sea)Iceland
58%
Numbers 1 - 5 in NorwegianTo
58%
Official LanguagesSami
55%
Numbers 1 - 5 in NorwegianFem
53%
Settlements on SvalbardLongyearbyen
53%
Numbers 1 - 5 in NorwegianFire
50%
Top Import OriginsChina
48%
Monarchs after 1905Haakon VII
45%
Female Prime MinistersErna Solberg
43%
Monarchs after 1905Olav V
43%
Eurovision WinnersAlexander Rybak
40%
Female Prime MinistersGro Harlem Brundtland
40%
Main Characters of SKAM (S1)Noora
38%
Top ExportsPetroleum Gas
35%
Main Characters of SKAM (S1)Eva
33%
Eurovision WinnersBobbysocks
30%
Main Characters of SKAM (S1)Sana
28%
Nobel Prize in Literature WinnersSigrid Undset
28%
Main Characters of SKAM (S1)Isak
23%
Eurovision WinnersSecret Garden
23%
Nobel Prize in Literature WinnersKnut Hamsund
20%
Nobel Prize in Literature WinnersBjørnstjerne Bjørnson
18%
Settlements on SvalbardBarentsburg
10%
Top ExportsRaw Aluminium
10%
Settlements on SvalbardNy-Ålesund
8%
Settlements on SvalbardSveagruva
3%

Score Distribution

Percentile by Number Answered

Percent of People with Each Score

Your Score History

You have not taken this quiz since the last reset